Capitals - Select Asia Capitals on Map - Statistics

General Stats
  • This quiz has been taken 81 times
  • The average score is 32 of 48
Answers on the Map
Answers color-coded by a green-red scale on the quiz's map according to % correct below.
 
Answer Stats
Answer % Correct
Sri Jayawardenepura Kotte
89%
Ankara
86%
Beijing
86%
Seoul
86%
Tokyo
86%
New Delhi
82%
Taipei
82%
Abu Dhabi
79%
Jakarta
79%
Pyongyang
79%
Bangkok
75%
Riyadh
75%
Singapore
75%
Tbilisi
75%
Tehran
75%
Ulaanbaatar
75%
Baku
71%
Hanoi
71%
Jerusalem
71%
Manila
71%
Nicosia
71%
Astana
68%
Islamabad
68%
Kabul
68%
Kathmandu
68%
Kuwait City
68%
Yerevan
68%
Doha
64%
Muscat
64%
Phnom Penh
64%
Thimphu
64%
Vientiane
64%
Baghdad
61%
Damascus
61%
Malé
61%
Bandar Seri Begawan
57%
Beirut
57%
Bishkek
57%
Dhaka
57%
Kuala Lumpur
57%
Naypyidaw
57%
Sana'a
57%
Amman
54%
Dili
54%
Manama
54%
Tashkent
50%
Ashgabat
43%
Dushanbe
43%
No matching quizzes found
Score Distribution
Percent of People with Each Score
Percentile by Number Answered
Your Score History
You have not taken this quiz